[Event "Finistere-chB 0405"]
[Site "Finistere"]
[Date "2004.10.16"]
[Round "1"]
[White "Le Morzellec, Daniel"]
[Black "Simon, Georges"]
[Result "1-0"]
[WhiteElo "1640"]
[BlackElo "1380"]
[PlyCount "57"]
[EventDate "2004.10.16"]
[EventType "swiss"]
[EventRounds "7"]
[EventCountry "FRA"]
[SourceTitle "EXT 2007"]
[Source "ChessBase"]
[SourceDate "2006.11.23"]
[SourceVersion "1"]
[SourceVersionDate "2006.11.23"]
[SourceQuality "1"]

1. d4 Nf6 2. c4 e6 3. Nc3 b6 4. Bg5 Be7 5. e3 Bb7 6. Nf3 0-0 7. Bd3 c5 8. dxc5 bxc5 9. 0-0 d5 10. cxd5 exd5 11. Rc1 Nbd7 12. Re1 c4 13. Bb1 Re8 14. Re2 Nc5 15. Rd2 Qb6 16. Nd4 Nfe4 17. Nxe4 Nxe4 18. Bxe4 dxe4 19. Bxe7 Rxe7 20. Rxc4 Bd5 21. Ra4 g6 22. Ne2 Rd8 23. Rxd5 Rxd5 24. Qxd5 Rb7 25. b3 Qf6 26. h3 Rb6 27. Qxe4 Re6 28. Qd3 Rd6 29. Rd4 1-0

[Event "Finistere-chT 0102"]
[Site "Finistere"]
[Date "2002.03.02"]
[Round "5.16"]
[White "Simon, Georges"]
[Black "Lieutaud, Marcel"]
[Result "1-0"]
[WhiteElo "1210"]
[BlackElo "1499"]
[PlyCount "69"]
[EventDate "2001.??.??"]
[EventType "team"]
[EventRounds "7"]
[EventCountry "FRA"]
[SourceTitle "EXT 2003"]
[Source "ChessBase"]
[SourceDate "2002.11.25"]
[SourceVersion "1"]
[SourceVersionDate "2002.11.25"]
[SourceQuality "1"]

1. d4 d5 2. Nf3 Nc6 3. Bf4 Nf6 4. e3 a6 5. Be2 e6 6. Nbd2 Bd6 7. Bxd6 Qxd6 8. c4 0-0 9. c5 Qe7 10. 0-0 e5 11. Rc1 e4 12. Ng5 h6 13. f4 hxg5 14. fxg5 Ne8 15. h4 Nb4 16. Qb3 Nc6 17. Qxd5 Rb8 18. Bh5 g6 19. Bxg6 Be6 20. Qxe4 Ng7 21. Bh7+ Kh8 22. Rf6 Nf5 23. Bxf5 Bxf5 24. Rh6+ Kg8 25. Qxf5 f6 26. Ne4 fxg5 27. Nf6+ Rxf6 28. Rxf6 Rf8 29. Qxg5+ Qg7 30. Rg6 Rf7 31. Rxg7+ Rxg7 32. Qd5+ Rf7 33. Rf1 Ne7 34. Qxf7+ Kh8 35. Qxe7 1-0

[Event "Finistere-chT 0001"]
[Site "Finistere"]
[Date "2001.01.06"]
[Round "4.6"]
[White "Ollivier, Alain"]
[Black "Simon, Georges"]
[Result "1-0"]
[WhiteElo "1800"]
[BlackElo "1499"]
[PlyCount "91"]
[EventDate "2000.??.??"]
[EventType "team"]
[EventRounds "7"]
[EventCountry "FRA"]
[SourceTitle "EXT 2003"]
[Source "ChessBase"]
[SourceDate "2002.11.25"]
[SourceVersion "1"]
[SourceVersionDate "2002.11.25"]
[SourceQuality "1"]

1. d4 Nf6 2. c4 e6 3. Nc3 g6 4. e4 d6 5. Bg5 Bg7 6. Be2 h6 7. Bf4 Nbd7 8. Nf3 Nh5 9. Be3 a6 10. 0-0 0-0 11. Qd2 f5 12. Bxh6 f4 13. Bxg7 Nxg7 14. Rfd1 b6 15. Rac1 Bb7 16. Bd3 Qf6 17. Re1 c5 18. e5 dxe5 19. Nxe5 Qg5 20. Ne4 Bxe4 21. Bxe4 Nxe5 22. dxe5 Rad8 23. Qe2 Nh5 24. Bf3 Ng3 25. fxg3 fxg3 26. h3 Rd2 27. Qe3 Qxe3+ 28. Rxe3 Rfd8 29. Ree1 Rxb2 30. Red1 Rd4 31. Rxd4 cxd4 32. Kf1 d3 33. c5 Rc2 34. Rd1 d2 35. cxb6 Rb2 36. b7 Rxb7 37. Bxb7 a5 38. Rxd2 Kg7 39. Ke2 g5 40. Kf3 Kg6 41. Kg4 a4 42. Rd4 a3 43. Ra4 Kh6 44. Rxa3 Kg6 45. Rf3 Kh6 46. a4 1-0

[Event "Finistere-chT 0001"]
[Site "Finistere"]
[Date "2000.12.02"]
[Round "3.13"]
[White "Simon, Georges"]
[Black "Pineau, Jeremy"]
[Result "1-0"]
[WhiteElo "1499"]
[BlackElo "1110"]
[PlyCount "47"]
[EventDate "2000.??.??"]
[EventType "team"]
[EventRounds "7"]
[EventCountry "FRA"]
[SourceTitle "EXT 2003"]
[Source "ChessBase"]
[SourceDate "2002.11.25"]
[SourceVersion "1"]
[SourceVersionDate "2002.11.25"]
[SourceQuality "1"]

1. d4 Nf6 2. c4 g6 3. Nf3 Bg7 4. e3 0-0 5. Bd3 d6 6. Nbd2 c5 7. b3 Na6 8. a3 d5 9. Bb2 Qd6 10. 0-0 Bg4 11. dxc5 Nxc5 12. Be5 Qe6 13. Qc2 dxc4 14. Bxc4 Bf5 15. Qc3 Qd7 16. Nd4 Be4 17. f3 Bd5 18. Bb5 Qc8 19. Nc4 a6 20. Nb6 Qd8 21. Qxc5 Rb8 22. Rad1 axb5 23. Nxb5 e6 24. e4 1-0